[Event "Novokuznetsk (Women)"]
[Site "Novokuznetsk"]
[Date "2016.08.15"]
[Round "8"]
[White "Matiukova, Uliana"]
[Black "Berlin, Tatiana"]
[Result "0-1"]
[WhiteElo "2000"]
[BlackElo "2143"]
[PlyCount "82"]
[EventDate "2016.08.09"]
[EventType "tourn"]
[EventRounds "9"]
[EventCountry "RUS"]
[SourceTitle "EXT 2018"]
[Source "ChessBase"]
[SourceDate "2017.10.13"]
[SourceVersion "1"]
[SourceVersionDate "2017.10.13"]
[SourceQuality "1"]

1. d4 d5 2. c4 e6 3. Nc3 Nf6 4. cxd5 exd5 5. Bg5 Be7 6. e3 c6 7. Qc2 Nbd7 8. Bd3 0-0 9. Nf3 Re8 10. Bf4 Nf8 11. h3 Ne6 12. Bh2 g6 13. 0-0 Ng7 14. a3 Bf5 15. Bxf5 Nxf5 16. b4 a6 17. Rab1 Nd6 18. Nd2 Qd7 19. a4 Rac8 20. Rfc1 Bf8 21. Be5 Qe6 22. Qd3 Nd7 23. Bxd6 Bxd6 24. b5 axb5 25. axb5 Bc7 26. bxc6 bxc6 27. Na4 Qd6 28. g3 h5 29. h4 Ra8 30. Nc5 Ra2 31. Nb7 Qe6 32. Kg2 Bxg3 33. Kxg3 Qg4+ 34. Kh2 Nf6 35. Rc2 Rxc2 36. Qxc2 Qe2 37. Rg1 Qxf2+ 38. Rg2 Ng4+ 39. Kh1 Qe1+ 40. Rg1 Qxh4+ 41. Kg2 Qf2+ 0-1

[Event "Novokuznetsk (Women)"]
[Site "Novokuznetsk"]
[Date "2016.08.14"]
[Round "7"]
[White "Yanuchenko, Polina"]
[Black "Matiukova, Uliana"]
[Result "1/2-1/2"]
[WhiteElo "2079"]
[BlackElo "2000"]
[PlyCount "119"]
[EventDate "2016.08.09"]
[EventType "tourn"]
[EventRounds "9"]
[EventCountry "RUS"]
[SourceTitle "EXT 2018"]
[Source "ChessBase"]
[SourceDate "2017.10.13"]
[SourceVersion "1"]
[SourceVersionDate "2017.10.13"]
[SourceQuality "1"]

1. d4 Nf6 2. c4 e6 3. Nc3 Bb4 4. e3 0-0 5. Nge2 d5 6. a3 Bd6 7. Ng3 b6 8. cxd5 exd5 9. Be2 Re8 10. 0-0 a6 11. b4 c6 12. Bd2 Nbd7 13. Qc2 g6 14. Rfc1 Bb7 15. Rab1 Qe7 16. Na2 h5 17. h3 Bxg3 18. fxg3 Ne4 19. Bf3 Nxg3 20. Nc3 Nf5 21. Re1 Qf6 22. Re2 Rac8 23. Qd3 Ng3 24. Rf2 Qe7 25. Ne2 Nxe2+ 26. Bxe2 Rf8 27. Rf4 Nf6 28. Rbf1 Ne4 29. Be1 Rce8 30. Kh1 Bc8 31. Qc2 Qd6 32. Bd3 f5 33. Bxe4 Rxe4 34. Rxe4 dxe4 35. Qc4+ Kh7 36. Bd2 g5 37. Qe2 Kg6 38. h4 gxh4 39. Rf4 Rh8 40. Be1 c5 41. bxc5 bxc5 42. dxc5 Qxc5 43. Bb4 Qb6 44. Rxh4 Be6 45. Qe1 Qc7 46. Ba5 Qb8 47. Rf4 Rg8 48. Qg3+ Kh6 49. Qh4 Qb1+ 50. Kh2 Qb2 51. Rf2 Qe5+ 52. Qf4+ Qxf4+ 53. Rxf4 Rb8 54. Bb4 Rd8 55. Rf1 Kg6 56. Rc1 Rc8 57. Rxc8 Bxc8 58. Be7 Kf7 59. Bd6 Ke6 60. Bf4 1/2-1/2

[Event "Novokuznetsk (Women)"]
[Site "Novokuznetsk"]
[Date "2016.08.13"]
[Round "6"]
[White "Matiukova, Uliana"]
[Black "Krjuchkova, Elena"]
[Result "0-1"]
[WhiteElo "2000"]
[BlackElo "2170"]
[PlyCount "100"]
[EventDate "2016.08.09"]
[EventType "tourn"]
[EventRounds "9"]
[EventCountry "RUS"]
[SourceTitle "EXT 2018"]
[Source "ChessBase"]
[SourceDate "2017.10.13"]
[SourceVersion "1"]
[SourceVersionDate "2017.10.13"]
[SourceQuality "1"]

1. d4 Nf6 2. c4 e6 3. Nc3 Bb4 4. e3 c5 5. Nge2 cxd4 6. exd4 d5 7. a3 Be7 8. Nf4 0-0 9. cxd5 exd5 10. Bd3 Nc6 11. 0-0 Bd6 12. g3 Bg4 13. f3 Bxf4 14. Bxf4 Bh3 15. Rf2 Nh5 16. Be3 Re8 17. Re2 Qf6 18. Bf2 Be6 19. Kg2 a6 20. b4 g6 21. Bc2 b5 22. Bb3 Rad8 23. Qd2 Qf5 24. Rf1 Ng7 25. g4 Qf6 26. Be3 Rd7 27. Rd1 Qd8 28. Bg5 f6 29. Bh4 g5 30. Bf2 f5 31. h3 fxg4 32. hxg4 Qf6 33. Be3 Rf8 34. Rf2 h6 35. Bc2 Ne8 36. Bb3 Ne7 37. Qa2 Nc7 38. Bc2 Bf7 39. a4 Bg6 40. Ne4 Bxe4 41. fxe4 Qe6 42. Rxf8+ Kxf8 43. Rf1+ Kg7 44. e5 Qxg4+ 45. Kf2 Ne6 46. Qb2 Nc6 47. axb5 axb5 48. Rg1 Rf7+ 49. Ke1 Qh4+ 50. Kd2 Ncxd4 0-1

[Event "RUS-ch Higher League (Women) 66th"]
[Site "Kolomna"]
[Date "2016.07.01"]
[Round "9"]
[White "Lysenko, Margarita"]
[Black "Matiukova, Uliana"]
[Result "1-0"]
[WhiteElo "2097"]
[BlackElo "2179"]
[PlyCount "73"]
[EventDate "2016.06.22"]
[EventType "swiss"]
[EventRounds "9"]
[EventCountry "RUS"]
[SourceTitle "CBM 173 Extra"]
[Source "ChessBase"]
[SourceDate "2016.08.29"]
[SourceVersion "1"]
[SourceVersionDate "2016.08.29"]
[SourceQuality "1"]

1. d4 Nf6 2. c4 e6 3. Nc3 Bb4 4. f3 c5 5. d5 exd5 6. cxd5 d6 7. e4 0-0 8. Bd3 a6 9. a4 Nbd7 10. Nge2 Ne5 11. Be3 Bd7 12. 0-0 Rc8 13. Ng3 Nxd3 14. Qxd3 Re8 15. Kh1 Qe7 16. Rfe1 Ba5 17. Qd2 h6 18. Re2 Ra8 19. Bf4 g5 20. e5 gxf4 21. exf6 Qxf6 22. Nge4 Qg6 23. Qxf4 f5 24. Qxd6 Qxd6 25. Nxd6 Rxe2 26. Nxe2 Ra7 27. Ng3 f4 28. Nge4 b6 29. Nc4 Rc7 30. Nxa5 bxa5 31. Rc1 Bxa4 32. d6 Rf7 33. Rxc5 Bb5 34. Kg1 Kg7 35. Kf2 Kg6 36. Rc7 Kg7 37. Nc5 1-0

[Event "RUS-ch Higher League (Women) 66th"]
[Site "Kolomna"]
[Date "2016.06.25"]
[Round "4"]
[White "Matiukova, Uliana"]
[Black "Severina, Maria"]
[Result "0-1"]
[WhiteElo "2179"]
[BlackElo "2330"]
[PlyCount "80"]
[EventDate "2016.06.22"]
[EventType "swiss"]
[EventRounds "9"]
[EventCountry "RUS"]
[SourceTitle "CBM 173 Extra"]
[Source "ChessBase"]
[SourceDate "2016.08.29"]
[SourceVersion "1"]
[SourceVersionDate "2016.08.29"]
[SourceQuality "1"]

1. d4 Nf6 2. c4 e6 3. Nc3 Bb4 4. e3 c5 5. Nge2 cxd4 6. exd4 0-0 7. a3 Be7 8. Nf4 d6 9. Bd3 Nbd7 10. 0-0 b6 11. b4 Bb7 12. Bb2 Re8 13. Re1 Bf8 14. Bf1 Rc8 15. Qb3 a6 16. Rad1 g6 17. d5 e5 18. Nh3 Nh5 19. Bc1 Ng7 20. Bh6 Nf5 21. Bxf8 Rxf8 22. Ne4 Qc7 23. Nhg5 h6 24. Nf3 Qb8 25. g4 Ng7 26. g5 f5 27. gxf6 Nxf6 28. Bh3 Rcd8 29. Nh4 Nxe4 30. Rxe4 g5 31. Ng6 Rf7 32. Bg4 Bc8 33. h4 h5 34. Bxc8 Qxc8 35. Qd3 Qf5 36. Re2 Qg4+ 37. Kf1 Nf5 38. Ke1 Nd4 39. Nxe5 dxe5 40. Qg6+ Rg7 0-1

[Event "RUS-ch Higher League (Women) 66th"]
[Site "Kolomna"]
[Date "2016.06.24"]
[Round "3"]
[White "Abakarova, Amina"]
[Black "Matiukova, Uliana"]
[Result "0-1"]
[WhiteElo "1898"]
[BlackElo "2179"]
[PlyCount "78"]
[EventDate "2016.06.22"]
[EventType "swiss"]
[EventRounds "9"]
[EventCountry "RUS"]
[SourceTitle "CBM 173 Extra"]
[Source "ChessBase"]
[SourceDate "2016.08.29"]
[SourceVersion "1"]
[SourceVersionDate "2016.08.29"]
[SourceQuality "1"]

1. e4 c5 2. Nc3 d6 3. g3 Nc6 4. Bg2 g6 5. d3 Bg7 6. f4 Nf6 7. Nf3 0-0 8. h3 Rb8 9. Be3 b5 10. 0-0 b4 11. Ne2 a5 12. Nh4 Qc7 13. f5 a4 14. Rb1 b3 15. axb3 axb3 16. c3 Ba6 17. Qd2 Ne5 18. c4 Ra8 19. g4 Nfd7 20. g5 Ra7 21. Nc3 Bxc4 22. f6 exf6 23. dxc4 Nxc4 24. Qe2 Nxe3 25. Qxe3 fxg5 26. Qxg5 Bxc3 27. bxc3 c4 28. Qh6 Qc5+ 29. Kh1 Qe5 30. Qd2 Ra2 31. Rb2 Rfa8 32. Nf3 Qg3 33. Rfb1 Rxb2 34. Rxb2 Ra1+ 35. Ng1 Nc5 36. Qd5 Nd3 37. Qxc4 Nf2+ 38. Rxf2 Qxf2 39. Kh2 Rxg1 0-1

[Event "Novosibirsk Siberia"]
[Site "Novosibirsk"]
[Date "2015.06.10"]
[Round "8"]
[White "Matiukova, Uliana"]
[Black "Chigvintsev, Andrei"]
[Result "1/2-1/2"]
[WhiteElo "2044"]
[BlackElo "2311"]
[PlyCount "86"]
[EventDate "2015.06.03"]
[EventType "tourn"]
[EventRounds "9"]
[EventCountry "RUS"]
[SourceTitle "CBM 167 Extra"]
[Source "ChessBase"]
[SourceDate "2015.09.14"]
[SourceVersion "1"]
[SourceVersionDate "2015.09.14"]
[SourceQuality "1"]

1. d4 f5 2. Nc3 Nf6 3. Bg5 c6 4. Bxf6 exf6 5. e3 d5 6. Bd3 Bd6 7. Qf3 g6 8. h3 Na6 9. a3 Qe7 10. Nge2 Nc7 11. g4 Ne6 12. gxf5 Ng5 13. Qg2 gxf5 14. 0-0-0 Bd7 15. h4 Ne4 16. Rhg1 0-0-0 17. Rde1 Be6 18. Nd1 Rhg8 19. Qh1 Bc7 20. f3 Bd7 21. Nf4 Nd6 22. Qh3 b5 23. Rg2 Rxg2 24. Qxg2 Nc4 25. Qg3 a5 26. Bxc4 dxc4 27. Rg1 c3 28. bxc3 Qxa3+ 29. Kd2 b4 30. Qf2 bxc3+ 31. Nxc3 a4 32. Qe2 Bxf4 33. Qa6+ Kc7 34. Qa5+ Kd6 35. exf4 Rb8 36. Rg7 Qb4 37. Qc5+ Kc7 38. Qa7+ Rb7 39. Qxa4 Qd6 40. Qa5+ Kb8 41. Qd8+ Ka7 42. Qa5+ Kb8 43. Qd8+ Ka7 1/2-1/2

[Event "Novokuznetsk SFO-ch U17 Girls"]
[Site "Novokuznetsk"]
[Date "2014.11.02"]
[Round "1"]
[White "Belenok, Natalia"]
[Black "Matiukova, Uliana"]
[Result "0-1"]
[WhiteElo "1757"]
[BlackElo "2090"]
[PlyCount "96"]
[EventDate "2014.11.02"]
[EventType "swiss"]
[EventRounds "9"]
[EventCountry "RUS"]
[SourceTitle "CBM 163 Extra"]
[Source "ChessBase"]
[SourceDate "2014.12.23"]
[SourceVersion "1"]
[SourceVersionDate "2014.12.23"]
[SourceQuality "1"]

1. d4 Nf6 2. Nf3 e6 3. g3 b5 4. Bg2 Bb7 5. 0-0 Be7 6. c4 bxc4 7. Nc3 0-0 8. Qc2 d5 9. Nd2 Nc6 10. e3 Rb8 11. f4 Nb4 12. Qd1 c5 13. Nf3 Nd3 14. Ne5 cxd4 15. exd4 Qb6 16. Nxd3 cxd3 17. Be3 Qxb2 18. Qxd3 Qa3 19. Rfb1 Ba6 20. Qd2 Ng4 21. h3 Nxe3 22. Qxe3 Rfc8 23. Rxb8 Rxb8 24. Re1 Bb4 25. Rb1 Rc8 26. Rb3 Qa5 27. Ne2 Qxa2 28. Rxb4 Qxe2 29. Qxe2 Bxe2 30. Rb7 a6 31. Ra7 g6 32. Kf2 Bb5 33. g4 Rc2+ 34. Kg3 Bd3 35. h4 Rc3 36. Kf2 Ra3 37. h5 gxh5 38. gxh5 h6 39. Bh3 a5 40. Bg4 a4 41. Bd1 Bb5 42. Ra5 Ra1 43. Bf3 Bc4 44. f5 exf5 45. Bxd5 Bxd5 46. Rxd5 a3 47. Ra5 a2 48. Kg2 f4 0-1